Una, nessuna... a quando centomila? : la rappresentazione della donna in televisione /
Gorde:
| Beste egile batzuk: | , |
|---|---|
| Formatua: | Liburua |
| Hizkuntza: | italiera |
| Argitaratua: |
\Roma! :
Rai-ERI,
[2001]
|
| Saila: | VQPT ;
184 |
| Gaiak: | |
| Etiketak: |
Etiketarik gabe, Izan zaitez lehena erregistro honi etiketa jartzen!
|
MARC
| LEADER | 00000nam a2200000 i 4500 | ||
|---|---|---|---|
| 001 | IT\ICCU\IEI\0182968 | ||
| 003 | ItRI | ||
| 005 | 20260115231908.0 | ||
| 008 | 020319s2001 it |||||| ||||| |||||c | ||
| 015 | |2 IT |a 2002-7962 | ||
| 020 | |a 8839711961 | ||
| 040 | |b ita |c importazione bologna sebina | ||
| 041 | 7 | |a ita |2 ISO-639-2 | |
| 082 | |a 384.55 |9 COMUNICAZIONI TELEVISIVE |2 19 | ||
| 245 | 0 | 0 | |a Una, nessuna... a quando centomila? : |b la rappresentazione della donna in televisione / |c a cura di Loredana Cornero ; prefazione di Stefania Prestigiacomo. |
| 260 | |a \Roma! : |b Rai-ERI, |c [2001] | ||
| 300 | |a 232 p. ; |c 22 cm + |e 1 CD-ROM. | ||
| 650 | 7 | |a Donna |x Trasmissioni televisive |2 scbi | |
| 650 | 7 | |a Donne giornaliste |x Italia |2 scbi | |
| 700 | 1 | |a Cornero, Loredana |0 IT\ICCU\IEIV\062103 | |
| 700 | 1 | |a Prestigiacomo, Stefano |0 IT\ICCU\IEIV\062102 | |
| 830 | 0 | |a VQPT ; |v 184 |0 IT\ICCU\RAV\0149649 | |
| 942 | |2 ddc |c BK |n 0 | ||
| 952 | |0 0 |1 0 |4 0 |6 DOC_791_450000000000000_COR |7 0 |9 15695 |a BO |b BO |d 2026-01-15 |i 15562 |l 0 |o DOC 791.450 COR |p BO15562 |r 2026-01-15 23:19:08 |w 2026-01-15 |x [Sebina 5] [1 v.] |y BK |z 1 v. | ||
| 952 | |0 0 |1 0 |4 0 |6 DOC_791_450000000000000_COR |7 0 |9 15696 |a BO |b BO |d 2026-01-15 |i 7142 |l 0 |o DOC 791.450 COR |p BO7142 |r 2026-01-15 23:19:08 |w 2026-01-15 |x [Sebina 5] [1 v.] |y BK |z 1 v. (2. copia) | ||
| 999 | |c 13502 |d 13502 | ||